<?xml version="1.0" encoding="UTF-8"?>
<record
    xmlns:xsi="http://www.w3.org/2001/XMLSchema-instance"
    xsi:schemaLocation="http://www.loc.gov/MARC21/slim http://www.loc.gov/standards/marcxml/schema/MARC21slim.xsd"
    xmlns="http://www.loc.gov/MARC21/slim">

  <leader>01503nam a22002297a 4500</leader>
  <controlfield tag="005">20211231095544.0</controlfield>
  <controlfield tag="008">211231b           ||||| |||| 00| 0 eng d</controlfield>
  <datafield tag="020" ind1=" " ind2=" ">
    <subfield code="a">8174362924</subfield>
  </datafield>
  <datafield tag="040" ind1=" " ind2=" ">
    <subfield code="c">AL</subfield>
  </datafield>
  <datafield tag="041" ind1=" " ind2=" ">
    <subfield code="a">eng</subfield>
  </datafield>
  <datafield tag="082" ind1=" " ind2=" ">
    <subfield code="2">23</subfield>
    <subfield code="a">956.7044</subfield>
    <subfield code="b">JACS</subfield>
  </datafield>
  <datafield tag="100" ind1=" " ind2=" ">
    <subfield code="a">Satish Jacob</subfield>
    <subfield code="9">12153</subfield>
  </datafield>
  <datafield tag="245" ind1=" " ind2=" ">
    <subfield code="a">Satish Jacob From Hotel Palestine Baghdad: Pages From A War Diary</subfield>
  </datafield>
  <datafield tag="260" ind1=" " ind2=" ">
    <subfield code="a">New Delhi:</subfield>
    <subfield code="b">Roli Books,</subfield>
    <subfield code="c">2003.</subfield>
  </datafield>
  <datafield tag="300" ind1=" " ind2=" ">
    <subfield code="a">xvi,178 p.</subfield>
    <subfield code="b">HB</subfield>
    <subfield code="c">22x14 cm.</subfield>
  </datafield>
  <datafield tag="520" ind1=" " ind2=" ">
    <subfield code="a">Satish Jacob was the only Indian correspondent in Baghdad during the US-led war to topple the Iraqi President. Saddam Hussein. From Baghdad's Hotel Palestine, Satish's spirited reports were the only eyewitness accounts of the drama of those days on Indian television. They were also special in that his perception of the events differed significantly from that of the Western media more prone to accept uncricically the invading armies' version of events. In From Hotel Palestine, Satish Jacob writes of a nation devastated on a whim, and explains Iraq's role in the Arab world, the complex relationships that divide the region's Muslims, Christians and Jews. Above all, he applauds the courage of the Iraqis in this war of unequals, and shows us that while Saddam may be a loathsome monster for some, he is a nation-builder like Turkey's Ataturk to others.</subfield>
  </datafield>
  <datafield tag="650" ind1=" " ind2=" ">
    <subfield code="a">Map of Bhagdad</subfield>
    <subfield code="9">12149</subfield>
  </datafield>
  <datafield tag="650" ind1=" " ind2=" ">
    <subfield code="a">Saddam Hussein</subfield>
    <subfield code="9">12150</subfield>
  </datafield>
  <datafield tag="650" ind1=" " ind2=" ">
    <subfield code="a">Chronology of Events</subfield>
    <subfield code="9">12151</subfield>
  </datafield>
  <datafield tag="700" ind1=" " ind2=" ">
    <subfield code="a">JACOB (Satish)</subfield>
    <subfield code="9">12152</subfield>
  </datafield>
  <datafield tag="942" ind1=" " ind2=" ">
    <subfield code="2">ddc</subfield>
    <subfield code="c">GF</subfield>
  </datafield>
  <datafield tag="999" ind1=" " ind2=" ">
    <subfield code="c">221028</subfield>
    <subfield code="d">221028</subfield>
  </datafield>
  <datafield tag="952" ind1=" " ind2=" ">
    <subfield code="0">0</subfield>
    <subfield code="1">0</subfield>
    <subfield code="2">ddc</subfield>
    <subfield code="4">0</subfield>
    <subfield code="7">0</subfield>
    <subfield code="8">HIS</subfield>
    <subfield code="a">AL</subfield>
    <subfield code="b">AL</subfield>
    <subfield code="d">2013-03-24</subfield>
    <subfield code="l">0</subfield>
    <subfield code="o">956.7044 JACS</subfield>
    <subfield code="p">GF03323</subfield>
    <subfield code="r">2021-12-31 00:00:00</subfield>
    <subfield code="w">2021-12-31</subfield>
    <subfield code="y">GF</subfield>
  </datafield>
</record>
